La razón, el ingenio y la sutileza : (Registro nro. 9693)

Detalles MARC
000 -LIDER
fixed length control field 00907nam a2200265 4500
001 - NÚMERO DE CONTROL
Identificador de número de control 0005623
003 - IDENTIFICACDOR DE NÚMERO DE CONTROL
control field DO-SdBNP
005 - DATE AND TIME OF LATEST TRANSACTION
control field 20221102094844.0
007 - CAMPOS FIJOS DE DESCRIPCIÓN FÍSICA
fixed length control field 0005623
008 - ELEMENTOS DE LONGITUD FIJA
fixed length control field 160411b 2002 sp ||||| |||| 00| 0 spa d
020 ## - ISBN
International Standard Book Number 958704035X
040 ## - FUENTE DE CATALOGACIÓN
Agencia que crea de manera original el registro BPMSU
Idioma de catalogación spa
Agencia que realiza la transcripción BPMSU
082 #4 - NÚMERO DE CLASIFICACIÓN DECIMAL DE DEWEY
Classification number 809
Item number R278i 2004
Edition number 22
245 03 - MENCIÓN DE TITULO
Título La razón, el ingenio y la sutileza :
Subtítulo antología de literatura renacentista /
Mención de responsabilidad selección, introducción y notas de Gloria Prado ; Dante Alighieri ... [et al.].
Fechas completas
260 ## - PUBLICACIÓN, DISTRIBUCIÓN, ETC. (PIE DE IMPRENTA)
Lugar de publicación, distribución, etc Bogotá:
Nombre del editor, distribuidor, etc. Alfaguara,
Fecha de publicación, distribución, etc 2004
300 ## - DESCRIPCIÓN FÍSICA
Extensión 190 p. ;
Dimensiones 24 cm.
500 ## - NOTA GENERAL
Nota general Incluye referencias bibliográficas y notas al pie de las páginas
590 ## - NOTA LOCAL
Enlace Inventariado, 2022/VM
650 #4 - ENCABEZAMIENTO DE MATERIA--TEMÁTICO
Término temático o nombre geográfico como elemento de entrada Literatura renacentista
Lugar del evento Colecciones.
650 #4 - ENCABEZAMIENTO DE MATERIA--TEMÁTICO
Término temático o nombre geográfico como elemento de entrada Poesía renacentista
700 1# - ASIENTO SECUNDARIO -- NOMBRE PERSONAL
Nombre personal Prado, Gloria .
700 1# - ASIENTO SECUNDARIO -- NOMBRE PERSONAL
Nombre personal Dante Alighieri,
Fechas asociadas con el nombre 1265-1321 .
910 ## - VALIDACIÓN
Validación VMateo V./Validado
942 ## - ADDED ENTRY ELEMENTS (KOHA)
Source of classification or shelving scheme Dewey Decimal Classification
Koha item type Libros
Existencias
Withdrawn status Lost status Source of classification or shelving scheme Damaged status Not for loan Collection code Home library Current library Date acquired Source of acquisition Full call number Barcode Date last seen Price effective from Koha item type
    Dewey Decimal Classification     Colección General Biblioteca Pública Metropolitana Salomé Ureña Biblioteca Pública Metropolitana Salomé Ureña 11/02/2022 FUNDI BPMSU CG 809 R278i 2004 BPMSU22110004 11/02/2022 11/02/2022 Libros